00238nam a2200097Ia 4500100002500000654002200025245004400047260002900091300000800120546001200128 aSloman M.& kramer J  acomputer networks aDistributed systems & computer networks bprentice hallaU.Kc1987 a336 aENGLISH